000 01087nam a2200265 a 4500
005 20240516131955.0
008 100311s2008||||sp d f |||| 001 0 spa d
020 _a9788497514514
041 _aspa
092 _c616.89
_l28
_sGAB
100 1 _aGabbard, Glen O.
_eDir.
_92004
245 _aTratamientos de los Trastornos Psiquiátricos.
_bT.2 /
_cGlen O. Gabbard
250 _a1a ed.
_bTraducción José Luis Agud Aparicio. Revisión cientifica Consuelo de Dios Perrino
260 _aBarcelona:
_bArs Medica;
_c2009.
300 _a463-919 p.
500 _aGabbard, G. O. (Dir.). (2009). Tratamientos de los Trastornos Psiquiátricos. T.2 (1a ed.). Barcelona : Ars Medica.
653 _aTrastornos de ansiedad, trastornos dosiciativos y trastornos de adaptación
653 _aTrastornos somatomorfos y facticios
653 _aTrastornos sexuales y de la identidad sexual
653 _aTrastornos de la conducta alimentaria
653 _aTrastornos de la personalidad
653 _aTrastornos del sueño
653 _aTrastornos del control de los impulsos
942 _2ddc
_cBK
999 _c1289
_d1289